000 00354nam a2200121Ia 4500
008 240731s9999 xx 000 0 und d
022 _a2078-0400
245 0 _aAgrekon : Agricultural Economics Research, Policy and Practice in Southern Africa
260 _bRoutledge
856 _uhttps://www.tandfonline.com/loi/ragr20
942 _2ddc
942 _cTFEJ
999 _c75225
_d75225
945 _a1
_bMadushi Gamage
_c1
_dMadushi Gamage